Normal view
MARC view
Entry Término temático
001 - NÚMERO DE CONTROL
- campo de control: 83903
003 - IDENTIFICADOR DEL NÚMERO DE CONTROL
- campo de control: DO-SdBNP
005 - FECHA Y HORA DE LA ÚLTIMA TRANSACCIÓN
- campo de control: 20230808125520.0
008 - DATOS DE LONGITUD FIJA
- campo de control de longitud fija: 230808|| aca||aabn | a|a d
040 ## - FUENTE DE LA CATALOGACIÓN
- Centro catalogador/agencia de origen: DO-SdBNP
- Centro/agencia transcriptor: DO-SdBNP
150 ## - ENCABEZAMIENTO--TÉRMINO DE MATERIA
- Término de materia o nombre geográfico como elemento de entrada: Procesos por tortura
670 ## - FUENTE DE DATOS ENCONTRADOS
- Cita de la fuente: Work cat.: (DO-SdBNP)54279: República Dominicana. Secretaría de Estado de Interior y Policía. Plan de Seguridad Democrática. Voluntariado de la Garantía de los Derechos Ciudadanos. 54546, Convención interamericana para prevenir y sancionar la tortura
